000 00786nam a2200217 a 4500
001 000009294
005 20240412074210.0
008 090929s1968 dr 001 p spa d
040 _aDO-SdBNP
_bspa
_cBNPHU
082 _aRD861.44
_bJ61n
100 1 _aJiménez, Ramón Emilio,
_d1886-1970
_96521
245 1 0 _aNaturaleza y hombre :
_b(obra poética) /
_cR. Emilio Jiménez ; prólogo Manuel Valldeperes.
260 _aSanto Domingo :
_bOvaciones,
_c1968.
300 _a239 p. ;
_c22 cm.
590 _aInventariado, 2018/LP
600 1 4 _aJIMÉNEZ, EMILIO RAMÓN,
_d1886-1970
_xCRÍTICA E INTERPRETACIÓN
_924025
650 0 _aPoesía dominicana
_966
650 0 _aLiteratura dominicana.
_967
700 1 _aValldeperes, Manuel,
_epról.
_923258
910 _aValidado. Control de calidad BNPHU.
999 _c9055
_d9055